<?xml version="1.0" encoding="UTF-8"?>
<record
    xmlns:xsi="http://www.w3.org/2001/XMLSchema-instance"
    xsi:schemaLocation="http://www.loc.gov/MARC21/slim http://www.loc.gov/standards/marcxml/schema/MARC21slim.xsd"
    xmlns="http://www.loc.gov/MARC21/slim">

  <leader>01562nam a22002777a 4500</leader>
  <controlfield tag="003">OSt</controlfield>
  <controlfield tag="005">20231006181929.0</controlfield>
  <controlfield tag="008">231006b           ||||| |||| 00| 0 spa d</controlfield>
  <datafield tag="040" ind1=" " ind2=" ">
    <subfield code="c">CO-MqBPB</subfield>
  </datafield>
  <datafield tag="041" ind1=" " ind2=" ">
    <subfield code="a">spa</subfield>
  </datafield>
  <datafield tag="082" ind1=" " ind2=" ">
    <subfield code="a">860.331</subfield>
    <subfield code="b">S34c</subfield>
  </datafield>
  <datafield tag="100" ind1=" " ind2=" ">
    <subfield code="a">Silva, Jos&#xE9; Asunci&#xF3;n, </subfield>
    <subfield code="d">1865-1896.  </subfield>
  </datafield>
  <datafield tag="245" ind1=" " ind2=" ">
    <subfield code="a">Conmemoraci&#xF3;n del Centenario de la muerte del poeta colombiano Jos&#xE9; Asunci&#xF3;n Silva / </subfield>
    <subfield code="c">Jos&#xE9; Asunci&#xF3;n Silva.</subfield>
  </datafield>
  <datafield tag="260" ind1=" " ind2=" ">
    <subfield code="a"> Bogot&#xE1; :</subfield>
    <subfield code="b">Casa de Poes&#xED;a Silva,</subfield>
    <subfield code="c">1996</subfield>
  </datafield>
  <datafield tag="300" ind1=" " ind2=" ">
    <subfield code="a"> 1 compact disc son.</subfield>
    <subfield code="b"> (40 min.) : digital ;</subfield>
    <subfield code="c"> 12 cm.</subfield>
  </datafield>
  <datafield tag="490" ind1=" " ind2=" ">
    <subfield code="a"> Voces para el tiempo</subfield>
  </datafield>
  <datafield tag="500" ind1=" " ind2=" ">
    <subfield code="a">
24 de mayo de 1996.</subfield>
  </datafield>
  <datafield tag="505" ind1=" " ind2=" ">
    <subfield code="a">
Bienvenida y programa / Mar&#xED;a Mercedes Carranza (1:48 min.) ; Jos&#xE9; Asunci&#xF3;n Silva / Belisario Betancur (24:57 min.) ; Anuncio recital / Mar&#xED;a Mercedes Carranza (1:08 min.) ; Nocturno interpretado por Pablo Ar&#xE9;valo, piano y Ramiro Osorio, voz (8:10 min.) ; Anuncio lectura acta del premio Jos&#xE9; Asunci&#xF3;n Silva / Mar&#xED;a Mercedes Carranza (0:53 min.) ; Lectura acta de Premio de Poes&#xED;a Jos&#xE9; Asunci&#xF3;n Silva / Jos&#xE9; Agust&#xED;n Goytisolo (2:54 min.) ; Despedida / Mar&#xED;a Mercedes Carranza (0:20 min.)</subfield>
  </datafield>
  <datafield tag="650" ind1=" " ind2=" ">
    <subfield code="a">Silva, Jos&#xE9; Asunci&#xF3;n, 1865-1896 </subfield>
    <subfield code="x">Cr&#xED;tica e interpretaci&#xF3;n Silva, Jos&#xE9; Asunci&#xF3;n, 1865-1896 </subfield>
  </datafield>
  <datafield tag="650" ind1=" " ind2=" ">
    <subfield code="a">Homenajes Poes&#xED;a colombiana</subfield>
    <subfield code="x">Historia y cr&#xED;tica </subfield>
  </datafield>
  <datafield tag="650" ind1=" " ind2=" ">
    <subfield code="a">Compact disc Literatura colombiana</subfield>
    <subfield code="x">Historia y cr&#xED;tica </subfield>
  </datafield>
  <datafield tag="650" ind1=" " ind2=" ">
    <subfield code="a">Compact disc</subfield>
  </datafield>
  <datafield tag="700" ind1=" " ind2=" ">
    <subfield code="a">Carranza, Mar&#xED;a Mercedes,</subfield>
    <subfield code="d"> 1945-2003.  </subfield>
  </datafield>
  <datafield tag="700" ind1=" " ind2=" ">
    <subfield code="a">Betancur Cuartas, Belisario,</subfield>
    <subfield code="d"> 1923-2018. </subfield>
  </datafield>
  <datafield tag="942" ind1=" " ind2=" ">
    <subfield code="2">ddc</subfield>
    <subfield code="c">CDROM</subfield>
  </datafield>
  <datafield tag="999" ind1=" " ind2=" ">
    <subfield code="c">15073</subfield>
    <subfield code="d">15073</subfield>
  </datafield>
  <datafield tag="952" ind1=" " ind2=" ">
    <subfield code="0">0</subfield>
    <subfield code="1">0</subfield>
    <subfield code="2">ddc</subfield>
    <subfield code="4">0</subfield>
    <subfield code="7">0</subfield>
    <subfield code="8">MUL</subfield>
    <subfield code="a">BPMOS</subfield>
    <subfield code="b">BPMOS</subfield>
    <subfield code="d">2023-10-06</subfield>
    <subfield code="e">Dotaci&#xF3;n Biblioteca 2023</subfield>
    <subfield code="l">0</subfield>
    <subfield code="o">860.331 S34c</subfield>
    <subfield code="p">MOS503381</subfield>
    <subfield code="r">2023-10-06</subfield>
    <subfield code="t">Ej. 1</subfield>
    <subfield code="w">2023-10-06</subfield>
    <subfield code="y">CDROM</subfield>
    <subfield code="z">Tres d&#xED;as</subfield>
  </datafield>
</record>
